000
00266nam a22001217a 4500
082
_a
823
_b
LIT/B
100
_a
LITTMAN, SARAH DARER
245
_a
BACKLASH
260
_a
NEW DELHI
_b
SCHOLASTIC INDIA
300
_a
321
650
_a
NOVEL,ENGLISH
_z
NEW DELHI
942
_c
BK
999
_c
2420
_d
2420